000 00653nam a2200241Ia 4500
003 OSt
005 20220926044206.0
006 a|||||r|||| 00| 0
007 ta
008 220923b |||||||| |||| 00| 0 eng d
037 _cGeneral Book
040 _aRTL
_cRTL
_beng
041 _2eng
_aeng
082 _aW:28, L3
100 _aNiskanen William A
_9321741
245 0 _aBureaucracy
_b Servant or master great Britain the
260 _c1973
300 _axii, 103p
_ccm.
490 _aHobart Paperback
650 _aPublic Administration
_911039
942 _hW:28, L3
_cGB
_2CC
999 _c674187
_d674187